• 首页
  • 本馆介绍
  • 公告通知
  • 最新文献
  • 馆藏检索
  • 电子资源
  • 读者导购
  • 参考咨询
  • 我的图书馆
  • 登录
  • 详细信息显示
  • 放入我的书架
  • 预约/预借图书
  • 作者相关作品
  • 分类相关作品
  • 丛书相关作品
  • 出版社相关作品

书目信息

  • 表格格式
  • 工作单格式
  • 卡片格式
题名:
汽车音响解码、拆装与故障检修实例精选
    
 
作者: 张凤山 , 张建瑛 主编
分册:  
出版信息: 北京   机械工业出版社  2013
页数: 274页
开本: 26cm
丛书名: 汽车专项维修技术精华丛书
单 册:
中图分类: U463.67 , U472.41
科图分类:
主题词: 汽车--音频设备--解密译码 , 汽车--音频设备--故障修复 , 汽车 , 音频设备 , 解密译码
电子资源:
ISBN: 978-7-111-42693-6
000 01207nam0 22003251 450
001 519
005 20140909103813.76
010    @a978-7-111-42693-6@dCNY48.00
100    @a20130902d2013 em y0chiy50 ea
101 0  @achi
102    @aCN@b110000
105    @ay z 000yy
106    @ar
200 1  @a汽车音响解码、拆装与故障检修实例精选@AQi Che Yin Xiang Jie Ma Ca Zhuang Yu Gu Zhang Jian Xiu Shi Li Jing Xuan@f张凤山,张建瑛主编@FZhang Feng Shan, Zhang Jian Ying Zhu Bian
210    @a北京@c机械工业出版社@d2013
215    @a274页@d26cm
225 2  @a汽车专项维修技术精华丛书
330    @a本书介绍了广州丰田凯美瑞、东风日产天籁、斯巴鲁力狮3.0、东风悦达起亚、广州本田雅阁2.0、上海通用凯迪拉克SLS4.6、上海通用别克君越3.0、上海通用雪佛兰新景程、上海通用凯越等轿车的音响检修。
461  0 @12001 @a汽车专项维修技术精华丛书
606 0  @a汽车@x音频设备@x解密译码
606 0  @a汽车@x音频设备@x故障修复
606 0  @a汽车
606 0  @a音频设备
606 0  @a解密译码
690    @aU463.67@v5
690    @aU472.41@v5
701  0 @a张凤山@AZhang Feng Shan@g(汽车维修)@4主编
701  0 @a张建瑛@AZhang Jian Ying@4主编
801  0 @aCN@bTANGWEI@c20140603
905    @b0836973-75@dU463.67@e222@f3
    
    汽车音响解码、拆装与故障检修实例精选/张凤山,张建瑛主编.-北京:机械工业出版社,2013
    274页;26cm.-(汽车专项维修技术精华丛书)
    
    
    ISBN 978-7-111-42693-6:CNY48.00
    本书介绍了广州丰田凯美瑞、东风日产天籁、斯巴鲁力狮3.0、东风悦达起亚、广州本田雅阁2.0、上海通用凯迪拉克SLS4.6、上海通用别克君越3.0、上海通用雪佛兰新景程、上海通用凯越等轿车的音响检修。
●
相关链接 在E读中查询图书 在五车中查询图书 在当当中查询图书 在豆瓣中查询图书


正题名:汽车音响解码、拆装与故障检修实例精选     索取号:U463.67/222         预约/预借

序号 登录号 条形码 馆藏地/架位号 状态 备注
1 0836973   208369736   第二样本阅览室/ [索取号:U463.67/222] 在馆    
2 0836974   208369745   密集书库-物理学院/ [索取号:U463.67/222] 在馆    
3 0836975   208369754   第三借阅区/ [索取号:U463.67/222] 在馆    
唐山师范学院图书馆 欢迎您!
大连网信软件有限公司© 版权所有